000 00283nam a2200109Ia 4500
008 200302s9999 xx 000 0 und d
100 _aKarsten Palsson
245 _aConstruction and design manual public spaces and urbanity
260 _bDom Publishrs
260 _c2017
300 _a271
999 _c6547
_d6547